000 00768nam a2200205 a 4500
003 0
005 20250415120710.0
008 060801s19uu xx 00 eng d
050 _aPHS SB 293.I4
_b.K56 2006
100 _aKim, JuYeon.
245 _aA Comparative study of the neem tree and lemongrass as a mosquito repellant /
_cKim JuYeon (Elaine).
260 _aLas PiƱas City, Philippines :
_bSouthville International School and Colleges,
_c2006.
300 _a26 pages :
_billustrations ;
_c28 cm.
504 _aIncludes bibliographical references.
650 _aAzadirachta indica (Neem tree).
650 _aCymbopogon citratus (Lemongrass).
650 _aInsect repellents
_xTesting.
650 _aPlant extracts
_xInsecticidal properties.
942 _2lcc
_cPASS
999 _c97626
_d97626